[Event "Skopje ol (Men) prel"]
[Site "Skopje"]
[Date "1972.??.??"]
[Round "7"]
[White "Muco, Fatos"]
[Black "Ahmed, K."]
[Result "1-0"]
[WhiteElo "2200"]
[BlackElo "2200"]

1.Nf3 Nf6 2.g3 b6 3.Bg2 Bb7 4.O-O g6 5.c4 c5 6.Nc3 Bg7 7.Re1 O-O 8.e4 d6
9.d4 cxd4 10.Nxd4 Nc6 11.Nxc6 Bxc6 12.e5 Bxg2 13.exf6 Bxf6 14.Kxg2 Qc7 15.Qd3 Qc6+
16.Kg1 Rac8 17.Bh6 Rfe8 18.Re4 e6 19.Rae1 Rc7 20.Nd5 Bxb2 21.Nxc7 Qxc7 22.Bf4 Rd8
23.Bg5 Rc8 24.Qf3 Bg7 25.Bf6 Bf8 26.h4 Qb7 27.h5 Bg7 28.Bxg7 Kxg7 29.h6+ Kf8
30.Qf6 e5 31.Rxe5 dxe5 32.Rxe5  1-0

[Event "Skopje ol (Men) fin-A"]
[Site "Skopje"]
[Date "1972.??.??"]
[Round "8"]
[White "Liebert, Heinz"]
[Black "Pytel, Krzysztof"]
[Result "1/2-1/2"]
[WhiteElo "2400"]
[BlackElo "2380"]

1.Nf3 Nf6 2.c4 c5 3.g3 b6 4.Bg2 Bb7 5.O-O g6 6.b3 Bg7 7.Bb2 O-O 8.Nc3 d6
9.d4 Ne4 10.Rc1 Nxc3 11.Bxc3 cxd4 12.Nxd4 Bxg2 13.Kxg2 Qd7 14.e4 Qb7 15.f3 Nd7
16.Ne2 Nf6 17.Nf4 a6 18.Rf2 Rac8 19.Rfc2 Rfd8 20.Nd5 Nxd5 21.cxd5 Bxc3 22.Rxc3 Rxc3
23.Rxc3 Rc8 24.Qc2 Rc5 25.b4 Rxc3 26.Qxc3 b5 27.h4 h6 28.g4 Kh7 29.f4 Qd7
30.f5 gxf5 31.gxf5 Qd8 32.Kh3 Qd7 33.Kg2 Qd8 34.Kh3 Qd7 35.Kg2  1/2-1/2

[Event "Skopje ol (Men) fin-A"]
[Site "Skopje"]
[Date "1972.??.??"]
[Round "9"]
[White "Filip, Miroslav"]
[Black "Smyslov, Vassily"]
[Result "1/2-1/2"]
[WhiteElo "2510"]
[BlackElo "2620"]

1.Nf3 Nf6 2.c4 b6 3.g3 Bb7 4.Bg2 c5 5.O-O g6 6.b3 Bg7 7.Bb2 O-O 8.Nc3 e6
9.Rc1 d5 10.cxd5 Nxd5 11.d4 Nd7 12.Nxd5 Bxd5 13.Qd2 Rc8 14.dxc5 Nxc5 15.Bxg7 Kxg7
16.Qe3 Qe7 17.Ne5  1/2-1/2

[Event "Skopje ol (Men) fin-A"]
[Site "Skopje"]
[Date "1972.??.??"]
[Round "12"]
[White "Ribli, Zoltan"]
[Black "Debarnot, Roberto"]
[Result "1-0"]
[WhiteElo "2505"]
[BlackElo "2375"]

1.Nf3 Nf6 2.g3 b6 3.Bg2 Bb7 4.O-O c5 5.c4 g6 6.Nc3 Bg7 7.d3 O-O 8.e4 Nc6
9.Nh4 Ne8 10.f4 Nd4 11.Be3 f5 12.Qd2 e6 13.Nf3 d6 14.exf5 Nxf5 15.Bf2 Qd7
16.Rae1 Rd8 17.Qe2 Nc7 18.Ne4 Qc8 19.h3 Qa8 20.g4 Nd4 21.Nxd4 cxd4 22.Bg3 d5
23.cxd5 Bxd5 24.f5 exf5 25.gxf5 gxf5 26.Bxc7 fxe4 27.Bxd8 Rxd8 28.Bxe4 Bxe4
29.Qxe4 Qb8 30.Kh1 Qg3 31.Qe8+  1-0

[Event "DSV-Turnier"]
[Site "Leipzig"]
[Date "1973.??.??"]
[Round "11"]
[White "Schmidt, Wlodzimierz"]
[Black "Knaak, Rainer"]
[Result "1-0"]
[WhiteElo "2455"]
[BlackElo "2475"]

1.Nf3 Nf6 2.c4 b6 3.g3 Bb7 4.Bg2 c5 5.O-O g6 6.d3 Bg7 7.e4 O-O 8.Nc3 Nc6
9.Nh4 Ne8 10.f4 f5 11.exf5 gxf5 12.Be3 e6 13.Qd2 Nf6 14.h3 d5 15.Bf2 Qd7
16.Rad1 Rad8 17.Nf3 Nh5 18.Qe2 d4 19.Nb1 Rde8 20.Nbd2 h6 21.a3 Qf7 22.Rde1 Kh8
23.b4 e5 24.fxe5 Nxe5 25.Nxe5 Rxe5 26.Qd1 Bxg2 27.Kxg2 Qg6 28.Qf3 Qg5 29.Nb3 Rfe8
30.bxc5 bxc5 31.Nxc5 Re3 32.Bxe3 dxe3 33.h4 Qg6 34.Rxe3 Rxe3 35.Qxe3 f4 36.Rxf4 Nxf4+
37.Qxf4 Qb6 38.Qf5 Qb2+ 39.Kh3 Qa1 40.Qc8+ Kh7 41.Qf5+ Kh8 42.Qc8+ Kh7 43.Qe8 Qf1+
44.Kg4 Qd1+ 45.Kh3 Qf1+ 46.Kg4 Qd1+ 47.Kf5 Qf3+ 48.Ke6 Qe3+ 49.Ne4 Qxd3 50.Qc6 Qxa3
51.Qd5 a5 52.c5 Qe3 53.c6 Qa7 54.Qd3 Kg8 55.Qd8+ Kh7 56.Qd3 Kg8 57.Qd8+ Kh7
58.c7 Qa6+ 59.Ke7 Qb7 60.Nc5 Qa7 61.Kf7  1-0

[Event "Madrid"]
[Site "Madrid"]
[Date "1973.??.??"]
[Round "4"]
[White "Andersson, Ulf"]
[Black "Furman, Semen Abramovich"]
[Result "0-1"]
[WhiteElo "2555"]
[BlackElo "2540"]

1.c4 Nf6 2.Nf3 b6 3.g3 Bb7 4.Bg2 c5 5.O-O g6 6.Nc3 Bg7 7.d3 O-O 8.e4 Nc6
9.Rb1 d6 10.h3 Ne8 11.Be3 Nd4 12.Ne2 Nxf3+ 13.Bxf3 Qd7 14.Bg2 f5 15.Qd2 Nf6
16.Nc3 e5 17.exf5 Bxg2 18.Kxg2 gxf5 19.f4 Kh8 20.Qe2 Rae8 21.fxe5 dxe5 22.Bg5 Ng8
23.Nd5 Re6 24.Rf3 Rg6 25.Bd2 f4 26.Kh2 Rxg3 27.Rxg3 fxg3+ 28.Kxg3 Qf5 29.Bc3 Nf6
30.Re1 Nh5+ 31.Kg2 Rf6 32.Bxe5 Re6 33.Bxg7+ Nxg7 34.Qf1 Qg5+ 35.Kh1 Nf5 36.Qf2 Qg3  0-1

[Event "Petropolis Interzonal"]
[Site "Petropolis"]
[Date "1973.??.??"]
[Round "5"]
[White "Panno, Oscar"]
[Black "Ljubojevic, Ljubomir"]
[Result "0-1"]
[WhiteElo "2580"]
[BlackElo "2570"]

1.Nf3 Nf6 2.c4 c5 3.g3 b6 4.Bg2 Bb7 5.O-O g6 6.Nc3 Bg7 7.d4 cxd4 8.Qxd4 Nc6
9.Qf4 Rc8 10.Rd1 Nh5 11.Qe3 Nb4 12.Rb1 Rxc4 13.Ne5 Bxe5 14.Qxe5 f6 15.Qb5 Ba6
16.Qa4 Qc8 17.Qb3 Ng7 18.Nd5 Nc6 19.e4 Ne6 20.Be3 Kf7 21.Qa3 Rc2 22.Rbc1 Rxc1
23.Rxc1 Qb7 24.e5 fxe5 25.Nxe7 Bb5 26.Nd5 Re8 27.Qd6 Qc8 28.f4 exf4 29.Bxf4 Qd8
30.Be3 Ne7 31.Nxe7 Qxe7 32.Qd2 h5 33.Bd5 Kg7 34.h4 Kh7 35.Kh2 Ng7 36.Re1 Nf5
37.Bf2 Qf8 38.Rxe8 Qxe8 39.Bf3 Bc6 40.Qd3 Bxf3 41.Qxf3 Qe5 42.Qb3 d5 43.Qa4 Kh6
44.Qxa7 Nxh4 45.Qxb6 Nf5 46.Qb4 d4 47.Qd2+ g5 48.Qe1 Ne3 49.Kg1 Qe4 50.Bxe3 Qxe3+  0-1

[Event "IBM"]
[Site "Amsterdam"]
[Date "1974.??.??"]
[Round "7"]
[White "Lombardy, William James"]
[Black "Knaak, Rainer"]
[Result "0-1"]
[WhiteElo "2520"]
[BlackElo "2515"]

1.Nf3 Nf6 2.c4 b6 3.g3 Bb7 4.Bg2 c5 5.O-O g6 6.b3 Bg7 7.Bb2 O-O 8.e3 d5 9.Qe2 dxc4
10.bxc4 Nc6 11.Rd1 Rc8 12.Nc3 Ne4 13.d4 Nxc3 14.Bxc3 Qc7 15.Rac1 cxd4 16.exd4 Ba6
17.d5 Bxc3 18.dxc6 Bf6 19.Ne1 Rcd8 20.Nd3 e6 21.Nb4 Bc8 22.Nc2 Qe7 23.Qe3 Bg5
24.f4 Bf6 25.Ne1 Qb4 26.Nd3 Qa3 27.Qe2 Rd4 28.Ne5 Rfd8 29.Bf3 Kg7 30.Rxd4 Rxd4
31.Re1 Qc5 32.Kg2 Qa5 33.Rd1 Rxd1 34.Qxd1 Qxa2+ 35.Kh3 Qa3 36.c7 Qe7 37.Qa4 Qxc7
38.Qe8 Bxe5 39.fxe5 Ba6 40.Bc6 Bxc4 41.g4 Qxe5  0-1

[Event "IBM"]
[Site "Amsterdam"]
[Date "1974.??.??"]
[Round "11"]
[White "Ree, Hans"]
[Black "Timman, Jan H"]
[Result "1/2-1/2"]
[WhiteElo "2425"]
[BlackElo "2540"]

1.c4 Nf6 2.Nf3 b6 3.g3 Bb7 4.Bg2 c5 5.O-O g6 6.b3 Bg7 7.Bb2 O-O 8.Nc3 d6
9.d4 Ne4 10.Qd3 Nxc3 11.Bxc3 cxd4 12.Nxd4 Bxg2 13.Kxg2 Na6 14.Rfd1  1/2-1/2

[Event "DSV-Turnier"]
[Site "Halle"]
[Date "1974.??.??"]
[Round "?"]
[White "Smejkal, Jan"]
[Black "Savon, Vladimir A"]
[Result "1/2-1/2"]
[WhiteElo "2600"]
[BlackElo "2575"]

1.Nf3 Nf6 2.c4 c5 3.g3 b6 4.Bg2 Bb7 5.O-O g6 6.b3 Bg7 7.Bb2 O-O 8.Nc3 Na6
9.d4 e6 10.dxc5 Nxc5 11.b4 Nce4 12.Nxe4 Bxe4 13.Be5 d5 14.Rc1 dxc4 15.Rxc4 Bd5
16.Rd4 Rc8 17.Qa1 Qe7 18.e4 Bc6 19.Rc1 Bxe4 20.Rxc8 Rxc8 21.Rxe4 Nxe4 22.Bxg7 Qxb4
23.Bh6 Nc3 24.Bf1 Qb1 25.Qxb1 Nxb1 26.Nd4 Nc3 27.a3 Nb1 28.a4 Nc3 29.Nb5 Nxa4
30.Nxa7 Rc2 31.Nb5 Nc5 32.Be3 Nd7 33.Na3 Rb2 34.Nc4 Rb1 35.Kg2 Rb3 36.Nd6 Kf8  1/2-1/2

[Event "NLD-ch Leeuwarden"]
[Site "Leeuwarden"]
[Date "1974.??.??"]
[Round "1"]
[White "Hartoch, Robert G"]
[Black "Vogel, Jaap"]
[Result "0-1"]
[WhiteElo "2370"]
[BlackElo "2350"]

1.c4 Nf6 2.Nf3 b6 3.g3 c5 4.Bg2 Bb7 5.O-O g6 6.Nc3 Bg7 7.d4 cxd4 8.Qxd4 Nc6
9.Qh4 h6 10.Nd5 Rc8 11.Bd2 e6 12.Ne3 g5 13.Qh3 Ne4 14.Rab1 h5 15.g4 hxg4
16.Qxg4 f5 17.Nxf5 exf5 18.Qxf5 Ne7 19.Qg4 Nxd2 20.Nxd2 Qc7 21.f4 Bd4+ 22.Kh1 Be3
23.Bxb7 Qxb7+ 24.Nf3 Bxf4 25.e3 Bxh2 26.Rbd1 Rc6 27.Qe4 Qc7 28.Rd2 Rch6 29.Rfd1 g4
30.Nd4 Be5+ 31.Kg1 Bxd4 32.Qa8+ Kf7 33.Rf2+ Bf6 34.Rxf6+ Rxf6  0-1

[Event "Lublin"]
[Site "Lublin"]
[Date "1974.??.??"]
[Round "4"]
[White "Liebert, Heinz"]
[Black "Adamski, Jan"]
[Result "1/2-1/2"]
[WhiteElo "2445"]
[BlackElo "2405"]

1.c4 Nf6 2.Nf3 b6 3.g3 c5 4.Bg2 Bb7 5.O-O g6 6.b3 Bg7 7.Bb2 O-O 8.Nc3 d5
9.Nxd5 Nxd5 10.Bxg7 Kxg7 11.cxd5 Qxd5 12.d4 Na6 13.dxc5 Qxd1 14.Rfxd1 Nxc5
15.Ne5 Bxg2 16.Kxg2 f6 17.Nd7 Rfc8 18.Nxc5 Rxc5 19.Rac1 Re5 20.Kf1 a5 21.Rc6 b5
22.Rd4 Kf7 23.f4 Re6 24.Rc7 b4 25.Kf2 a4 26.Rcc4 f5 27.Rd3 axb3 28.axb3 Rb8
29.Re3 Rb7 30.Rxe6 Kxe6 31.Rd4 h5 32.Kf3 Rb8 33.e3 Kf6 34.Rc4 Rb6 35.Rc5 Re6
36.Rb5 Re4 37.Rb6+ e6 38.Rb7 g5 39.h3 g4+ 40.hxg4 hxg4+ 41.Ke2 e5 42.Rb6+ Kf7
43.fxe5 Rxe5 44.Rxb4 Ra5 45.Ra4 Rb5 46.b4 Ke6 47.Kd3 Rd5+ 48.Ke2 Rb5 49.Ra6+ Ke7
50.Ra4  1/2-1/2

[Event "Nice olm fin-A"]
[Site "Nice"]
[Date "1974.??.??"]
[Round "2"]
[White "Toran Albero, Roman"]
[Black "Ljubojevic, Ljubomir"]
[Result "0-1"]
[WhiteElo "2420"]
[BlackElo "2605"]

1.Nf3 Nf6 2.c4 c5 3.g3 b6 4.Bg2 Bb7 5.O-O g6 6.b3 Bg7 7.Bb2 O-O 8.Nc3 Na6
9.e3 d5 10.Nxd5 Nxd5 11.Bxg7 Kxg7 12.cxd5 Qxd5 13.d4 Rfd8 14.Ne1 Qd7 15.Bxb7 Qxb7
16.Qf3 Qd7 17.Qe2 Qb7 18.Qf3 Rab8 19.Qxb7 Rxb7 20.Nf3 Kf6 21.Rac1 Rc7 22.Rfd1 cxd4
23.Nxd4 Rc5 24.f4 Nb4 25.a3 Na2 26.Ra1 Nc3 27.Rf1 h5 28.Kg2 Nd5 29.Kf3 e5
30.fxe5+ Kxe5 31.Rfe1 Rd6 32.Rac1 Rf6+ 33.Ke2 Ke4 34.b4 Nc3+ 35.Kd2 Rf2+  0-1

[Event "Nice olm fin-A"]
[Site "Nice"]
[Date "1974.??.??"]
[Round "5"]
[White "Gheorghiu, Florin"]
[Black "Andersson, Ulf"]
[Result "1/2-1/2"]
[WhiteElo "2540"]
[BlackElo "2580"]

1.c4 c5 2.Nf3 Nf6 3.g3 b6 4.Bg2 Bb7 5.O-O g6 6.b3 Bg7 7.Bb2 O-O 8.Nc3 d6
9.e3 Nbd7 10.d4 e6 11.Qe2 a6 12.Rfd1 Qc7 13.Rac1 Rac8 14.Ne1 cxd4 15.exd4 Rfe8
16.Ne4 Nxe4 17.Bxe4 Nf6 18.Bxb7 Qxb7 19.d5 exd5 20.Qf3 Ne4 21.Bxg7 Kxg7 22.Ng2 dxc4
23.bxc4 Qc6 24.Ne3 Ng5 25.Qxc6 Rxc6 26.Rd5 Nf3+ 27.Kg2 Ne5 28.a4 Rec8 29.Rb1 a5
30.c5 Rxc5 31.Rxd6 Nc4 32.Nxc4 Rxc4 33.Rdxb6 Rxa4 34.Rd6 Rc5 35.h4 h5 36.Ra6 Rf5
37.Rb2 Ra3 38.Rd2 Re5 39.Rc2 Rd5 40.Rb2 Rc5 41.Rd2 Re5 42.Rb2 g5 43.hxg5 Rxg5
44.Kf1 Ra1+ 45.Ke2 Ra4 46.Rc2 Re5+ 47.Kf1 Rf5 48.Rd2 h4 49.gxh4 Rxh4 50.Ra2 Rh1+
51.Kg2 Rhh5 52.Kf1 Rc5 53.Kg2 Rhd5 54.Kf1 f6 55.Kg2 Kg6 56.Ra1 Rg5+ 57.Kf1 Rgf5
58.Ra2 Kg5 59.Kg2 Kh5 60.Ra8 Rg5+ 61.Kf1 Kg4 62.Ra6 Rgf5 63.Kg2 Rb5 64.Ra4+ Kg5
65.Ra2 Kh5 66.Ra8 Rg5+ 67.Kf3 Rbf5+ 68.Ke2 Re5+ 69.Kf1 Rb5 70.Ra6 Rbf5 71.Ra8 Kg4
72.Ra4+ Kf3 73.Re8  1/2-1/2

[Event "Nice olm fin-B"]
[Site "Nice"]
[Date "1974.??.??"]
[Round "5"]
[White "Kolbak, Jens"]
[Black "Pokojowczyk, Jerzy"]
[Result "0-1"]
[WhiteElo "2200"]
[BlackElo "2200"]

1.c4 Nf6 2.Nf3 b6 3.g3 Bb7 4.Bg2 c5 5.O-O g6 6.d3 Bg7 7.e4 O-O 8.Nc3 Nc6
9.h3 Ne8 10.Be3 Nd6 11.Bf4 e5 12.Bd2 Nd4 13.Nxd4 cxd4 14.Nd5 Ne8 15.a4 Nc7
16.b4 f5 17.Nxc7 Qxc7 18.Qb3 Kh8 19.Rac1 d6 20.Qa3 fxe4 21.dxe4 Rfc8 22.Rfe1 Qf7
23.Qf3 Qd7 24.b5 a5 25.Qd3 Rc7 26.Rc2 Qf7 27.f4 Rac8 28.Rec1 exf4 29.gxf4 Rc5
30.Bf1 Rf8 31.Re1 Bc8 32.Bc1 Be6 33.Ba3 Qxf4 34.Bxc5 dxc5 35.e5 Bf5  0-1

[Event "Nice olm fin-A"]
[Site "Nice"]
[Date "1974.??.??"]
[Round "7"]
[White "Keene, Raymond D"]
[Black "Ljubojevic, Ljubomir"]
[Result "1/2-1/2"]
[WhiteElo "2505"]
[BlackElo "2605"]

1.Nf3 Nf6 2.c4 c5 3.g3 b6 4.Bg2 Bb7 5.O-O g6 6.Nc3 Bg7 7.d4 cxd4 8.Nxd4 Bxg2
9.Kxg2 O-O 10.e4 Na6 11.b3 Nc5 12.f3 Ne8 13.Bb2 a6 14.Qd2 Nd6 15.Rfe1 f6
16.Nc2 Nf7 17.Rad1 Ra7 18.Qe2 e6 19.Rd2 d6 20.Red1 Rc7 21.Nb4 Qc8 22.Nd3 Nd7
23.Rc2 Re8 24.Rdc1 Qb7 25.Nf2 Rcc8 26.Ncd1 Nde5 27.Ne3 f5 28.f4 Nc6 29.Bxg7 Kxg7
30.Qd3 Kf8 31.a3 Na5 32.b4 Nc6 33.Kg1 a5 34.b5 Nb8 35.exf5 gxf5 36.g4 Nd7
37.gxf5 Nc5 38.Qd1 exf5 39.Nxf5 Re6 40.Ng3 Rce8  1/2-1/2

[Event "Nice olm fin-A"]
[Site "Nice"]
[Date "1974.??.??"]
[Round "9"]
[White "Toran Albero, Roman"]
[Black "Andersson, Ulf"]
[Result "1/2-1/2"]
[WhiteElo "2420"]
[BlackElo "2580"]

1.Nf3 Nf6 2.c4 c5 3.g3 b6 4.Bg2 Bb7 5.O-O g6 6.b3 Bg7 7.Bb2 O-O 8.Nc3 d6
9.e3 Nbd7 10.Qe2 e6 11.Rfd1 a6 12.d4 Qc7 13.Rd2 Rad8 14.Rad1 Rfe8 15.Ne1 cxd4
16.Rxd4 Nc5 17.Bxb7 Nxb7 18.Ng2 Qc6 19.R4d2  1/2-1/2

[Event "Rubinstein mem"]
[Site "Polanica Zdroj"]
[Date "1974.??.??"]
[Round "5"]
[White "Kirov, Nino"]
[Black "Knaak, Rainer"]
[Result "1-0"]
[WhiteElo "2465"]
[BlackElo "2515"]

1.Nf3 Nf6 2.g3 b6 3.Bg2 Bb7 4.O-O c5 5.c4 g6 6.b3 Bg7 7.Bb2 O-O 8.Nc3 Ne4
9.d4 Nxc3 10.Bxc3 Nc6 11.Rc1 Nxd4 12.Nxd4 Bxg2 13.Kxg2 cxd4 14.Bxd4 Bxd4
15.Qxd4 d6 16.h4 Rc8 17.h5 Rc5 18.Rh1 Qd7 19.Rc3 gxh5 20.Rh4 f6 21.f4 Qe6
22.Re3 Qf7 23.Qe4 Re8 24.f5 Re5 25.Qf3 Rxe3 26.Qxe3 d5 27.Qf3 dxc4 28.Rxc4 e5
29.fxe6 Rxe6 30.Rc6 Rxc6 31.Qxc6 Kg7 32.Kh3 Qe7 33.Qf3 Qe5 34.Kg2 Kg6 35.Qd3+ f5
36.Kg1 Kg5 37.Qd8+ Kg6 38.Qg8+ Qg7 39.Qe6+ Qf6 40.Qe8+ Kh6 41.Qe3+ Kg7 42.Qf4 Kg6
43.Kf1 h6 44.Kf2 Qe7 45.Kf3 h4 46.gxh4 Qe4+ 47.Qxe4 fxe4+ 48.Kf2 Kf5 49.Ke3 b5
50.Kd4 Kf4 51.Kd5 e3 52.Kd4  1-0

[Event "BUL-ch"]
[Site "?"]
[Date "1975.??.??"]
[Round "2"]
[White "Radev, Nikolai"]
[Black "Kirov, Nino"]
[Result "1/2-1/2"]
[WhiteElo "2405"]
[BlackElo "2480"]

1.Nf3 b6 2.g3 c5 3.Bg2 Bb7 4.O-O Nf6 5.c4 g6 6.Nc3 Bg7 7.d4 cxd4 8.Nxd4 Bxg2
9.Kxg2 O-O 10.e4 Nc6 11.Nxc6 dxc6 12.Bf4 Qxd1 13.Rfxd1 Rfd8  1/2-1/2

[Event "Lone Pine"]
[Site "Lone Pine"]
[Date "1975.??.??"]
[Round "2"]
[White "Yanofsky, Daniel Abraham"]
[Black "Gheorghiu, Florin"]
[Result "1/2-1/2"]
[WhiteElo "2415"]
[BlackElo "2540"]

1.Nf3 c5 2.c4 Nf6 3.g3 b6 4.Bg2 Bb7 5.O-O g6 6.b3 Bg7 7.Bb2 O-O 8.d4 cxd4
9.Qxd4 Na6 10.Nc3 Nc5 11.Qd2 Rc8 12.Rad1 a6 13.Ba1 d6 14.Ne1 Bxg2 15.Nxg2 Qd7
16.Nd5 Nxd5 17.Bxg7 Kxg7 18.Qxd5 Ne6 19.f4 Rc5 20.Qe4  1/2-1/2

[Event "Lone Pine"]
[Site "Lone Pine"]
[Date "1975.??.??"]
[Round "7"]
[White "Reshevsky, Samuel Herman"]
[Black "Yanofsky, Daniel Abraham"]
[Result "1/2-1/2"]
[WhiteElo "2530"]
[BlackElo "2415"]

1.Nf3 c5 2.c4 Nf6 3.g3 b6 4.Bg2 Bb7 5.O-O g6 6.b3 Bg7 7.Bb2 O-O 8.d4 cxd4
9.Qxd4 Na6 10.Rd1 Nc5 11.Qf4 d6 12.Nc3 Nfe4 13.Qc1 f5 14.Nxe4 Bxe4 15.Bxg7 Kxg7
16.b4 Ne6 17.Qb2+ Kg8 18.Nd4 Nxd4 19.Bxe4 Nxe2+ 20.Qxe2 fxe4 21.Qxe4 Rc8
22.Rac1 Qe8  1/2-1/2

[Event "Manila"]
[Site "Manila"]
[Date "1975.??.??"]
[Round "1"]
[White "Balinas, Rosendo Carrean"]
[Black "Ogaard, Leif"]
[Result "1-0"]
[WhiteElo "2335"]
[BlackElo "2460"]

1.c4 Nf6 2.Nf3 b6 3.g3 Bb7 4.Bg2 c5 5.O-O g6 6.Nc3 Bg7 7.d4 Ne4 8.Nxe4 Bxe4
9.d5 b5 10.Nd2 Bxg2 11.Kxg2 Qb6 12.e4 O-O 13.Qe2 d6 14.cxb5 a6 15.bxa6 Qxa6
16.Nc4 Nd7 17.Qc2 Nb6 18.Ne3 Rfb8 19.h4 Qb5 20.f4 Bd4 21.Rf2 Ra4 22.Re2 Rb4
23.Rb1 Na4 24.Nd1 c4 25.Kf3 Nc5 26.Bd2 Ra4 27.Bc3 e5 28.dxe6 Nxe6 29.Qd2 Ba7
30.Kg2 Qc5 31.Ne3 Rxa2 32.Nd5 Nd4 33.Nf6+ Kg7 34.Nd7 Qh5 35.Bxd4+ Bxd4 36.Qxd4+ Kh6
37.Qe3 Rb3 38.Qf2 c3 39.Nf6 Qb5 40.Ng4+ Kg7 41.Qd4+ Kf8 42.Qxd6+ Kg7 43.Qd4+ Kf8
44.Qh8+ Ke7 45.Qf6+ Kf8 46.Qd8+ Kg7 47.Rc2 Rbxb2 48.Rbxb2 Qxb2 49.Rxb2 cxb2
50.Qf6+ Kf8 51.Qd6+ Kg7 52.Qe5+ Kg8 53.Qb8+  1-0

[Event "FRG-ch International"]
[Site "Mannheim"]
[Date "1975.??.??"]
[Round "15"]
[White "Eising, Johannes"]
[Black "Keene, Raymond D"]
[Result "0-1"]
[WhiteElo "2415"]
[BlackElo "2505"]

1.Nf3 b6 2.g3 Bb7 3.Bg2 Nf6 4.O-O c5 5.c4 g6 6.Nc3 Bg7 7.e3 O-O 8.d4 cxd4
9.exd4 Nc6 10.Bf4 Na5 11.b3 d5 12.Ne5 Rc8 13.Re1 e6 14.Rc1 Nh5 15.Be3 dxc4
16.Bxb7 Nxb7 17.Nxc4 Nd6 18.Nxd6 Qxd6 19.Qf3 Qd7 20.g4 Nf6 21.h3 Kh8 22.Kg2 Ng8
23.Ne2 Ne7 24.Nf4 Rfd8 25.Qe4 Kg8 26.Red1 Rxc1 27.Rxc1 Bxd4 28.Rd1 e5 29.Ne2 Qc6
30.Kf3 Qxe4+ 31.Kxe4 f5+ 32.gxf5 gxf5+ 33.Kf3 Nc6 34.Bxd4 exd4 35.Kf4 Rd5
36.Ng3 Ne7 37.Ne2 d3 38.Nc3 Rc5 39.Nb1 Rc2 40.f3 Rxa2 41.Rxd3 Kf7 42.Nc3 Ra3
43.Nd5 Nxd5+ 44.Rxd5 Rxb3 45.Rd7+ Kf6 46.Rxa7 Rb4+ 47.Ke3 h6 48.Ra8 f4+ 49.Kd3 Kg5
50.Rg8+ Kh4 51.Kc3 Ra4 52.Rg6 Kxh3 53.Rxb6 Kg3 54.Kd2 h5 55.Ke2 Ra2+ 56.Kf1 h4
57.Rg6+ Kxf3 58.Kg1 Ra1+ 59.Kh2 Kf2 60.Rg2+ Ke3 61.Rb2 f3 62.Rb3+ Ke2 63.Rb2+ Kf1
64.Rb8 f2 65.Re8 Re1  0-1

[Event "Pula zt"]
[Site "Pula"]
[Date "1975.??.??"]
[Round "?"]
[White "Schmidt, Wlodzimierz"]
[Black "Barle, Janez"]
[Result "1-0"]
[WhiteElo "2465"]
[BlackElo "2330"]

1.Nf3 b6 2.g3 Bb7 3.Bg2 Nf6 4.O-O g6 5.c4 c5 6.Nc3 Bg7 7.d4 cxd4 8.Qxd4 O-O
9.Qh4 d6 10.Bh6 Nbd7 11.Rac1 Rc8 12.b3 Rc5 13.Bxg7 Kxg7 14.Rfd1 Qc8 15.Qd4 Ne5
16.Nxe5 Rxe5 17.e4 Rc5 18.f3 Qb8 19.b4 Rc7 20.Nb5 Rd7 21.Qe3 Rdd8 22.Nd4 Rc8
23.Bh3 Rcd8 24.Rc3 Kh8 25.Rdc1 Nd7 26.Ne2 Bc8 27.Nf4 Ne5 28.Bg2 Nc6 29.a3 Bb7
30.h4 Qc7 31.h5 Kg8 32.hxg6 hxg6 33.Nd5 Qd7 34.Qh6 Qe6 35.Kf2 Qe5 36.b5 Nb8
37.Rh1 Rfe8 38.Nxe7+ Rxe7 39.Qh7+ Kf8 40.Qh8+  1-0

[Event "Rimavska Sobota"]
[Site "Rimavska Sobota"]
[Date "1975.??.??"]
[Round "2"]
[White "Velikov, Petar"]
[Black "Adamski, Jan"]
[Result "1/2-1/2"]
[WhiteElo "2430"]
[BlackElo "2415"]

1.Nf3 Nf6 2.c4 b6 3.g3 c5 4.Bg2 Bb7 5.O-O g6 6.Nc3 Bg7 7.d4 cxd4 8.Nxd4 Bxg2
9.Kxg2 Qc8 10.b3 Qb7+ 11.f3 d5 12.cxd5 Nxd5 13.Nxd5 Qxd5 14.Bb2 O-O 15.Qd3 Rd8
16.Rfd1 Nd7 17.e4 Qb7 18.Qe3 Nc5 19.Rd2 Rd7 20.Rad1 Rad8 21.Bc3 h5 22.Nb5 Bxc3  1/2-1/2

[Event "BCF-ch"]
[Site "Portsmouth"]
[Date "1976.08.11"]
[Round "3"]
[White "Pigott, John C"]
[Black "Mestel, A Jonathan"]
[Result "0-1"]
[WhiteElo "2380"]
[BlackElo "2390"]

1.Nf3 Nf6 2.c4 b6 3.g3 Bb7 4.Bg2 c5 5.O-O g6 6.Nc3 Bg7 7.d4 Ne4 8.Nxe4 Bxe4
9.d5 O-O 10.Bh3 Bxf3 11.exf3 e6 12.Rb1 exd5 13.Qxd5 Nc6 14.a3 Nd4 15.Be3 d6
16.f4 Rb8 17.f5 b5 18.fxg6 hxg6 19.cxb5 Rxb5 20.Bg4 Re8 21.Bd1 Re5 22.Qc4 d5
23.Qd3 Re4 24.Bxd4 c4 25.Qc2 Rxd4 26.Bf3 Rd3 27.Bg2 Rdb3 28.Rbd1 Bf6 29.Rfe1 Rxb2
30.Qa4 Qb6 31.Rf1 Bd4 32.Kh1 Kg7 33.f4 Ra5 34.Qd7 Rxa3 35.Bxd5 Raa2 36.Qxf7+ Kh6
37.Rxd4 Rxh2+  0-1

[Event "Banja Luka"]
[Site "Banja Luka"]
[Date "1976.??.??"]
[Round "4"]
[White "Andersson, Ulf"]
[Black "Marovic, Drazen"]
[Result "1-0"]
[WhiteElo "2585"]
[BlackElo "2485"]

1.Nf3 b6 2.g3 Bb7 3.Bg2 c5 4.O-O Nf6 5.c4 g6 6.b3 Bg7 7.Bb2 O-O 8.Nc3 d5
9.Nxd5 Nxd5 10.Bxg7 Kxg7 11.cxd5 Qxd5 12.d4 cxd4 13.Qxd4+ Qxd4 14.Nxd4 Bxg2
15.Kxg2 Nd7 16.Rfd1 Nf6 17.Nb5 Rfc8 18.Rac1 Rxc1 19.Rxc1 a6 20.Nd4 Rd8 21.e3 Nd5
22.Rc6 Rd6 23.Rxd6 exd6 24.Kf1 Kf8 25.Ke1 f5 26.Kd2 Ke8 27.Nc2 Kd7 28.Kd3 Nc7
29.e4 fxe4+ 30.Kxe4 Ke6 31.Nd4+ Kf6 32.f4 d5+ 33.Ke3 Ke7 34.Nf3 Ne6 35.g4 Kd6
36.f5 gxf5 37.gxf5 Nd8 38.Kf4 Nf7 39.h4 h6 40.b4 a5 41.a3 axb4 42.axb4 Ke7
43.Ne5 Nd6 44.Ng4 Nf7 45.h5 Kd6 46.Ke3 Ng5 47.b5 Ne4 48.Kf4 Ke7 49.Ke5 Ng3
50.f6+ Kd7 51.Ne3 d4 52.Nd5 d3  1-0

[Event "Club Argentino"]
[Site "Buenos Aires"]
[Date "1977.??.??"]
[Round "4"]
[White "Sanguineti, Raul"]
[Black "Panno, Oscar"]
[Result "1/2-1/2"]
[WhiteElo "2505"]
[BlackElo "2550"]

1.Nf3 Nf6 2.c4 b6 3.g3 c5 4.Bg2 Bb7 5.O-O g6 6.b3 Bg7 7.Bb2 O-O 8.Nc3 d5
9.Nxd5 Nxd5 10.Bxg7 Kxg7 11.cxd5 Qxd5 12.d4 cxd4 13.Nh4 Qd7 14.Bxb7 Qxb7
15.Qxd4+ Kg8 16.Rfd1 Nc6 17.Qe4 Rfd8 18.Nf3  1/2-1/2

[Event "Toth mem"]
[Site "Kecskemet"]
[Date "1977.??.??"]
[Round "?"]
[White "Lukacs, Peter"]
[Black "Pinter, Jozsef"]
[Result "1/2-1/2"]
[WhiteElo "2450"]
[BlackElo "2445"]

1.Nf3 Nf6 2.g3 b6 3.Bg2 Bb7 4.c4 c5 5.O-O g6 6.b3 Bg7 7.Bb2 O-O 8.Nc3 d6
9.d4 cxd4 10.Nxd4 Bxg2 11.Kxg2 d5 12.cxd5 Nxd5 13.Rc1 Nxc3 14.Bxc3 Qd5+ 15.Nf3 Qb7  1/2-1/2

[Event "Lublin"]
[Site "Lublin"]
[Date "1977.??.??"]
[Round "6"]
[White "Doda, Zbigniew"]
[Black "Lebredo, Gerardo"]
[Result "1-0"]
[WhiteElo "2375"]
[BlackElo "2385"]

1.Nf3 Nf6 2.c4 b6 3.g3 Bb7 4.Bg2 c5 5.O-O g6 6.Nc3 Bg7 7.d4 cxd4 8.Qxd4 Nc6
9.Qf4 Rc8 10.Rb1 O-O 11.Rd1 d6 12.b3 Qd7 13.Bb2 Qg4 14.Qd2 Qh5 15.Nd5 Nxd5
16.Bxg7 Kxg7 17.cxd5 Ne5 18.Nd4 Rc5 19.h3 Rfc8 20.b4 Rc4 21.Rb3 Nd7 22.e4 Nf6
23.g4 Qe5 24.f4 Qxd4+ 25.Qxd4 Rxd4 26.Rxd4 Rc1+ 27.Kh2 Rc2 28.a4 Nxe4 29.Rxe4 Bxd5
30.Rbe3 Rxg2+ 31.Kxg2 f5 32.Kf2 Bxe4 33.Rc3 a5 34.bxa5 bxa5 35.Rc7 fxg4 36.Rxe7+  1-0

[Event "Buenos Aires ol (Men)"]
[Site "Buenos Aires"]
[Date "1978.??.??"]
[Round "?"]
[White "Ribli, Zoltan"]
[Black "Unzicker, Wolfgang"]
[Result "1/2-1/2"]
[WhiteElo "2585"]
[BlackElo "2525"]

1.Nf3 Nf6 2.g3 b6 3.Bg2 Bb7 4.O-O c5 5.c4 g6 6.Nc3 Bg7 7.d4 cxd4 8.Nxd4 Bxg2
9.Kxg2 Qc8 10.b3 Qb7+ 11.f3 d5 12.cxd5 Nxd5 13.Nxd5 Qxd5 14.Be3 Nc6 15.Nxc6 Qxc6
16.Rc1 Qe6 17.Qd3 O-O 18.Rfd1 Bf6 19.Qe4 Rfc8 20.Qxe6 fxe6 21.Kf2 Kf7 22.b4 Rxc1
23.Rxc1 b5 24.Rc2 a6 25.Bb6 Ke8 26.Ke3 Be5 27.Bc5 Rc8 28.f4 Bb8 29.Ke4 Rc6
30.e3 Bc7 31.Kd4 Kd7 32.a4 e5+ 33.fxe5 Ke6 34.axb5 axb5 35.Ra2 Bxe5+ 36.Kd3 Bd6  1/2-1/2

[Event "URS-ch sf"]
[Site "Daugavpils"]
[Date "1978.??.??"]
[Round "?"]
[White "Gavrikov, Viktor"]
[Black "Mishuchkov, Nikolai M"]
[Result "1/2-1/2"]
[WhiteElo "2200"]
[BlackElo "2410"]

1.Nf3 Nf6 2.c4 b6 3.g3 Bb7 4.Bg2 c5 5.O-O g6 6.Nc3 Bg7 7.d4 cxd4 8.Nxd4 Bxg2
9.Kxg2 Qc8 10.b3 Qb7+ 11.f3 d5 12.cxd5 Nxd5 13.Nxd5 Qxd5 14.Be3 Nc6 15.Nxc6 Qxc6
16.Rc1 Qe6 17.Qd3 O-O 18.Rfd1 f5 19.Qc4 Kf7 20.Rd7 Rfd8 21.Rb7 Be5 22.Qxe6+ Kxe6
23.Rc4 Rd7 24.Rxd7 Kxd7 25.Rh4 Rc8 26.Ra4 Rc7 27.Bf4 Ke6 28.Bxe5 Kxe5 29.f4+ Kd5
30.e3  1/2-1/2

[Event "Esbjerg"]
[Site "Esbjerg"]
[Date "1978.??.??"]
[Round "1"]
[White "Rodgaard, John"]
[Black "Sloth, Jorn"]
[Result "1/2-1/2"]
[WhiteElo "2320"]
[BlackElo "2390"]

1.c4 Nf6 2.Nf3 b6 3.g3 Bb7 4.Bg2 c5 5.O-O g6 6.b3 Bg7 7.Bb2 O-O 8.Nc3 Na6
9.Rc1 Rc8 10.Nb5 Nc7 11.Nxc7 Rxc7 12.d4 cxd4 13.Qxd4 Qa8 14.Rfd1 Rfc8 15.Ne1 d5
16.cxd5 Rxc1 17.Rxc1 Rxc1 18.Bxc1 Nxd5 19.Qd2 Bc3 20.Qd1 h5 21.Bd2 Bf6 22.Qc2 e6
23.Nf3 Ne7 24.Bc1 Be4 25.Qd2 Qd5 26.Ne1 Qxd2 27.Bxd2 Bb1 28.a4 Nf5 29.e3 Ba2
30.b4 Nd6 31.Nd3 Bc4 32.Bf1 Ne4 33.Be1 Nc3 34.a5 Na2 35.axb6 axb6 36.Nf4 b5
37.Bxc4 bxc4 38.b5 Bd8 39.Ne2 Kf8 40.Kf1 Ke8 41.Bd2 Kd7 42.Ke1 Kd6 43.Nc3 Nxc3
44.Bxc3 Kc5 45.h3 Kxb5 46.Kd1 Ba5 47.Be5 Kc5 48.e4 Bd8 49.g4 Bh4 50.f3 f5
51.Kc2 fxe4 52.fxe4 hxg4 53.hxg4 Be1 54.Kd1 Bf2 55.Kc2 Bd4 56.Bf4 Bf6 57.Be3+ Kb4
58.Bd2+ c3 59.Be3 Kc4 60.Bg1 Be5 61.Bf2 Bh2 62.Be3 Bg3 63.Bg1 Bc7 64.Be3 Ba5
65.Bg1 Bb4 66.Bf2 g5 67.Bg1 Bd6 68.Bf2 Bc5 69.Be1 Kd4 70.Bf2+ Kc4  1/2-1/2